00529nam a2200169Ia 4500008004100000020001800041041000800059082001700067100001900084245002900103250000600132260003300138300001300171650003000184999001900214952012600233210716s2011 xx 000 0 und d a9788174469632 aeng a658.311 BARH aBarry, Hayden. aManage operational plan. a1 aNew DelhibExcel Booksc2011 axvii,114 aHuman Resource Management c207620d207620 001040708MBAaAIMITbAIMITd2012-11-13g145.00l0o658.311 BARHpMBA10186r2026-05-23 00:00:00v108.75w2021-07-16yBK